| 000 | 00383nam a22001457a 4500 | ||
|---|---|---|---|
| 005 | 20230302155306.0 | ||
| 008 | 230302b |||||||| |||| 00| 0 eng d | ||
| 040 | _c##$aRTC$cRTC | ||
| 082 | _a613.042 | ||
| 100 | _aMinistry of Health | ||
| 245 |
_aMental Health Manual _b"Mental Health for Gross National Happiness" |
||
| 260 | _c2010 | ||
| 300 |
_a134 p. _c30 cm |
||
| 942 |
_2ddc _cMAIN |
||
| 999 |
_c9407 _d9408 |
||